| 000 | 01668nam a2200481 i 4500 | ||
|---|---|---|---|
| 001 | 56486 | ||
| 003 | KOSZ 005 | ||
| 005 | 20200716101542.0 | ||
| 008 | 090706s2009 pl f f |001 0 pol | ||
| 020 | _a9788325505110 | ||
| 040 |
_cKOSZ 005 _aKOSZ 005 _dKOSZ 005/HR |
||
| 041 | _apol | ||
| 044 | _aPOL | ||
| 046 | _k2009 | ||
| 080 | _a339.7(4-67) | ||
| 080 | _a005.8(4-67) | ||
| 080 | _a336(4-67) | ||
| 080 | _a(075.8) | ||
| 245 |
_aZarządzanie finansami projektu europejskiego / _cMarek Dylewski [et al.]. |
||
| 260 |
_aWarszawa : _bWydawnictwo C.H. Beck, _c2009. |
||
| 300 |
_a262, [1] s. : _bil. ; _c24 cm. |
||
| 336 |
_2rdacontent _aTekst _btxt |
||
| 337 |
_2rdamedia _aBez urządzenia pośredniczącego _bn |
||
| 338 |
_2rdacxarrier _aWolumin _bnc |
||
| 380 | _aKsiążki | ||
| 380 | _aPublikacje dydaktyczne | ||
| 385 |
_mPoziom nauczania _aSzkoły wyższe |
||
| 388 | _a2001- | ||
| 490 | 1 | _aFinanse. | |
| 504 | _aBibliogr. s. 255-258. Indeks. | ||
| 521 | 8 | _aDla studentów szkół wyższych, ksztacących się na kierunkach ekonomicznych w zakresie ekonomii, zarządzania, europeistyki, finansów i rachunkowości. | |
| 658 | _aGospodarka, ekonomia, finanse | ||
| 650 | 4 | _aUnia Europejska (UE) | |
| 650 | 4 | _aFinanse | |
| 655 | 4 | _aPodręczniki akademickie | |
| 651 | 4 | _aKraje Unii Europejskiej | |
| 650 | 4 | _aZarządzanie projektami | |
| 650 | 4 | _aProjekty unijne | |
| 700 | 1 |
_aDylewski, Marek _d(1965- ) _eAutor |
|
| 856 |
_uhttp://koha.tu.koszalin.pl/cgi-bin/koha/opac-detail.pl?biblionumber=56486 _yKatalog online BPK |
||
| 830 | 0 | _aFinanse - C. H. Beck | |
| 942 |
_cKS _2udc |
||
| 999 |
_c56486 _d56486 |
||